00524 2200181 4500245011500000020001800115250001100133100002000144700001100164650002900175650002100204005001900225260003600244041001400280084001200294300002700306336000900333 aTernyata Sayap Lalat Mengandung Obat b : Fakta-Fakta Ilmiah di Balik Hadis RasulullahcYanuardi SyukurhText a978-878-321-2 aCet. 1 aYanuardi Syukur aSygeng aEnsiklopedia Agama Islam aHadis Rasulullah a20241018110024 aYogyakartabMutiara Mediac2014 aIndonesia a297.125 a13 x 19 cm, 180 hlm. : atext